Lista das 88 constelações oficiais - Statistics

Estatísticas Gerais
  • Esse quiz foi jogado 700 vezes
  • A pontuação média é 40 de 88
Estatísticas das Respostas
Hint Resposta % Correto
Zodiaco Peixes
85%
Zodiaco Câncer / Caranguejo
83%
Zodiaco Aquário
82%
Zodiaco Leão
82%
Zodiaco Capricórnio
81%
Zodiaco Touro
81%
Zodiaco Escorpião
80%
Norte Ursa Maior
80%
Zodiaco Áries / Carneiro
79%
Sul Cruzeiro do Sul
78%
Zodiaco Gêmeos
78%
Zodiaco Libra / Balança
78%
Zodiaco Sagitário / Arqueiro
78%
Norte Ursa Menor
77%
Zodiaco Virgem
75%
Equador Órion
67%
Sul Cão Maior
63%
Norte Andrômeda
62%
Norte Cão Menor
62%
Norte Cisne
52%
Sul Centauro
51%
Norte Dragão
50%
Norte Pégaso
50%
Equador Águia
49%
Zodiaco Serpentário / Ofiúco
49%
Norte Hércules
47%
Equador Unicórnio
46%
Sul Fênix
45%
Sul Lobo
45%
Norte Cavalo
44%
Norte Triângulo
44%
Norte Cassiopeia
43%
Equador Serpente
43%
Equador Baleia
41%
Norte Girafa
40%
Sul Hidra Macho / Cobra Macho
40%
Norte Leão Menor
40%
Norte Lira
40%
Norte Auriga / Cocheiro
39%
Norte Cães de Caça
39%
Equador Hidra Fêmea / Cobra Fêmea
39%
Norte Perseu
39%
Sul Camaleão
38%
Sul Carina / Quilha do Navio
38%
Equador Corvo
38%
Sul Mosca
38%
Norte Flecha
37%
Norte Lagarto
37%
Norte Boieiro / Pastor
36%
Norte Coroa Boreal
36%
Norte Delfim / Golfinho
36%
Sul Lebre
36%
Sul Pavão
35%
Sul Vela
35%
Sul Bússola
34%
Norte Cefeu
34%
Sul Coroa Austral
34%
Norte Lince
34%
Sul Relógio
34%
Sul Altar
33%
Sul Ave do Paraíso
33%
Sul Cinzel de Escultor / Caelum
33%
Sul Dourado (Peixe)
33%
Sul Peixe Voador
33%
Sul Popa (Navio)
33%
Sul Régua
33%
Sul Compasso
32%
Sul Índio
32%
Sul Pomba
32%
Equador Sextante
32%
Equador Taça
32%
Sul Triângulo Austral
32%
Sul Antila / Bomba de Ar / Máquina Pneumática
31%
Norte Cabeleira de Berenice
31%
Sul Eridano
31%
Sul Telescópio
31%
Sul Escudo
30%
Sul Escultor
30%
Sul Microscópio
30%
Sul Pintor / Cavalete do Pintor
30%
Sul Peixe Austral
29%
Norte Raposa
29%
Sul Forno
28%
Sul Oitante
28%
Sul Grou
27%
Sul Tucano
27%
Sul Rede / Retículo
25%
Sul Meseta / Montanha da Mesa
23%
Nenhum quiz correspondente encontrado
Distribuição das Pontuações
Porcentagem de Pessoas com Cada Pontuação
Percentil de Números Respondidos
Sua Pontuação Histórica
Você não jogou esse quiz